Samajik samasya aru samajik kalyan (Record no. 8382)

MARC details
000 -LEADER
fixed length control field 00653cam a2200241ua 4500
008 - FIXED-LENGTH DATA ELEMENTS--GENERAL INFORMATION
fixed length control field 160613n ii |||gr||||Z||||||asm
020 ## - INTERNATIONAL STANDARD BOOK NUMBER
International Standard Book Number 9789382750192
040 ## - CATALOGING SOURCE
Transcribing agency MAIN
041 ## - LANGUAGE CODE
-- asm
082 ## - DEWEY DECIMAL CLASSIFICATION NUMBER
Classification number 361.1
100 ## - MAIN ENTRY--PERSONAL NAME
Personal name Borgohain, Himanta,
Relator term
245 ## - TITLE STATEMENT
Title Samajik samasya aru samajik kalyan
Statement of responsibility, etc. by Himanta Borgohain
250 ## - EDITION STATEMENT
Edition statement 1st.
260 ## - PUBLICATION, DISTRIBUTION, ETC.
Place of publication, distribution, etc. Dibr2ugarh:
Name of publisher, distributor, etc. Banalata,
Date of publication, distribution, etc. 2013.
300 ## - PHYSICAL DESCRIPTION
Extent 147p.
700 ## - ADDED ENTRY--PERSONAL NAME
Personal name Borah, Birinchi Kumar,
Relator term
700 ## - ADDED ENTRY--PERSONAL NAME
Personal name Hazarika, Dhruba,
Relator term
942 ## - ADDED ENTRY ELEMENTS (KOHA)
Koha item type Books
653 ## - INDEX TERM--UNCONTROLLED
Uncontrolled term Social problems & social welfare in general
653 ## - INDEX TERM--UNCONTROLLED
Uncontrolled term Social welfare
653 ## - INDEX TERM--UNCONTROLLED
Uncontrolled term Social problem
Holdings
Withdrawn status Lost status Damaged status Not for loan Home library Current library Shelving location Date acquired Total Checkouts Full call number Barcode Date last seen Date last checked out Copy number Price effective from Koha item type
        Central Library, Naharkatiya College Central Library, Naharkatiya College General Stacks 19/09/2020 9 361.1 | BOR 22362 02/11/2021 01/10/2021 1 19/09/2020 Books
        Central Library, Naharkatiya College Central Library, Naharkatiya College General Stacks 19/09/2020 13 361.1 | BOR 22363 01/03/2022 11/02/2022 2 19/09/2020 Books

Naharkatiya College © 2020. All rights reserved.

Powered By